000 00233nam a2200109Ia 4500
999 _c5827
_d5827
020 _a 978-0070099197
100 _aRobert C. Atkins
245 0 _aOrganic Chemistry
260 _aKarachi
_bAbrar Sons
_c2000
300 _a495
942 _cBK